000 00621nam a22002177a 4500
005 20260108110226.0
008 260108b |||||||| |||| 00| 0 eng d
020 _a9780415175180
_qhbk
041 _aeng
082 _a301
_bjoh
100 _aHarry M. Johnson
100 _aMannheim Karl
245 _a Sociology : a systematic introduction
_cfounded by Karl Mannheim and edited by Harry M. Johnson
260 _aOxfordshire [England]
_bRoutledge
_c, 2011
300 _a688 p.
_c23 cm.
504 _aindex
650 _a Sociology
700 _aHarry M. Johnson
700 _aKarl Mannheim
942 _cENGLISH
999 _c607752
_d607752